[Event "Herzliya op"]
[Site "Herzliya"]
[Date "2008.09.10"]
[Round "7"]
[White "Porat, Maya"]
[Black "Goikhman, Valentin"]
[Result "0-1"]
[WhiteElo "2137"]
[BlackElo "2207"]
[PlyCount "78"]
[EventDate "2008.09.02"]
[EventType "swiss"]
[EventRounds "9"]
[EventCountry "ISR"]
[SourceTitle "CBM 126 Extra"]
[Source "ChessBase"]
[SourceDate "2008.11.05"]
[SourceVersion "1"]
[SourceVersionDate "2008.11.05"]
[SourceQuality "1"]

1. d4 d5 2. c4 c6 3. Nf3 Nf6 4. Nc3 e6 5. e3 Nbd7 6. Bd3 dxc4 7. Bxc4 b5 8. Bd3 Bb7 9. 0-0 b4 10. Ne4 Nxe4 11. Bxe4 Be7 12. Qc2 Qb6 13. Bxh7 Nf6 14. Be4 Nxe4 15. Qxe4 c5 16. Qg4 0-0-0 17. dxc5 Bxc5 18. Ng5 Rd7 19. e4 Ba6 20. Bf4 Bxf1 21. Rxf1 Kb7 22. Qf3 e5 23. Bg3 f6 24. Qg4 Re7 25. Nf3 Qe6 26. Qxe6 Rxe6 27. Rc1 Rc8 28. Kf1 Ra6 29. Nd2 Rxa2 30. Nc4 b3 31. f4 Bb4 32. Be1 Rxc4 33. Rxc4 Bxe1 34. Kxe1 Rxb2 35. fxe5 fxe5 36. Rc5 Kb6 37. Rxe5 Rxg2 38. Re8 b2 39. Rb8+ Kc7 0-1

[Event "Herzliya op"]
[Site "Herzliya"]
[Date "2008.09.05"]
[Round "4"]
[White "Goikhman, Valentin"]
[Black "Kudischewitsch, David"]
[Result "0-1"]
[WhiteElo "2207"]
[BlackElo "2341"]
[PlyCount "106"]
[EventDate "2008.09.02"]
[EventType "swiss"]
[EventRounds "9"]
[EventCountry "ISR"]
[SourceTitle "CBM 126 Extra"]
[Source "ChessBase"]
[SourceDate "2008.11.05"]
[SourceVersion "1"]
[SourceVersionDate "2008.11.05"]
[SourceQuality "1"]

1. d4 Nf6 2. c4 a6 3. Nc3 c5 4. d5 b5 5. cxb5 axb5 6. Nxb5 Qa5+ 7. Nc3 Ne4 8. Qc2 Nxc3 9. Qxc3 Qxc3+ 10. bxc3 g6 11. a4 Bg7 12. Ra3 0-0 13. e4 d6 14. Nf3 Ba6 15. Nd2 f5 16. f3 Nd7 17. a5 fxe4 18. Nxe4 h6 19. Kd2 Ne5 20. Ra4 Bxf1 21. Rxf1 Rxa5 22. Rxa5 Nc4+ 23. Kd3 Nxa5 24. Be3 c4+ 25. Kc2 Nb3 26. Nd2 Nxd2 27. Bxd2 Rf5 28. Re1 Kf7 29. Re4 Rxd5 30. Rxc4 Ra5 31. Rf4+ Bf6 32. Re4 Ra2+ 33. Kd3 g5 34. Re2 d5 35. Be1 Ra1 36. Bg3 Rg1 37. h3 Rd1+ 38. Kc2 Ra1 39. Kd3 h5 40. Be5 Ra4 41. Bg3 h4 42. Be5 Kg6 43. Bxf6 Kxf6 44. Rb2 e6 45. Ke3 Ra1 46. Rb8 Ra2 47. f4 Rxg2 48. fxg5+ Rxg5 49. Rh8 Rg3+ 50. Kd4 Rxh3 51. Rf8+ Ke7 52. Rh8 Rh1 53. Ke5 Re1+ 0-1